Fórum manažéra

Gespeichert in:
Bibliographische Detailangaben
Format: Schriftenreihe
Sprache:Slowakisch
Veröffentlicht: Trnava VIVAEDUCA 2021
Tags: Tag hinzufügen
Keine Tags, Fügen Sie das erste Tag hinzu!

MARC

LEADER 00000nas2a2200000 4500
001 0279246
005 20211022131659.4
022 |a 1339-9403 
041 0 |a slo 
044 |a SK 
245 1 0 |a Fórum manažéra 
264 1 |a Trnava  |b VIVAEDUCA  |c 2021 
500 |a V tiráži uvedený ročník 18 
773 0 |w eu_un_cat*0256785